Представление документа в формате RUSMARC

ПолеНазваниеЗначение
  Тип записи a
  Библиографический уровень m
001 Контрольный номер UONB/MAIN/81c45234ddc243d788ac26144ea03839
005 Дата корректировки 20250520124610.2
010 Индекс ISBN __
b Уточнения в пер.
d Цена 1 р. 49 к.
9 Тираж 18000 экз.
100 Данные общей обработки __
a Данные общей обработки 20230929 1968 u y0rusy0189## ca
101 Язык документа 0_
a Язык текста rus
102 Страна публикации __
a Страна публикации RU
105 Кодированные данные (монография) __
a Кодированные данные (монография) a z 001yy
200 Заглавие и сведения об ответственности 1_
a Заглавие Автоматические регистрирующие приборы
f Первые сведения об ответственности Ф.Е. Темников
203 Вид содержания и тип средства __
a Вид содержания Текст
b Характеристика содержания визуальный
c Тип средства непосредственный
205 Сведения об издании __
a Основные сведения об издании 3-е перераб. и доп. изд.
210 Выходные данные 1_
a Место издания Москва
c Издательство Машиностроение
d Дата издания 1968
215 Физическое описание __
a Объем 383 с.
c Иллюстрации/тип воспроизводства ил.
d Формат 22 см
320 Библиография __
a Библиография Библиогр.: с. 380-381
606 Тематические рубрики 0_
a Основная рубрика Регистрирующие приборы, автоматические
610 Ключевые слова 0_
a Ключевые слова регистрирующие приборы автоматические
675 Индекс УДК __
a Индекс УДК 6П5.82
686 Индексы других классификаций __
a Классификационный индекс 34
2 Код системы rubbk
700 Автор _1
a Фамилия Темников
b Имя (инициалы) Ф.Е.
g Полное личное имя Федор Евгеньевич
801 Источник записи _0
a Страна RU
b Организация Ульяновская ОНБ
c Дата составления 20230929
g Правила каталогизации RCR
801 Источник записи _1
a Страна RU
b Организация Ульяновская ОНБ
c Дата составления 20230929
g Правила каталогизации RCR
901 Тип документа __
t Тип документа m
909 Создатель записи __
a Создатель записи Аверьянова
b Дата создания записи 20230929